000
00298nam a22001337a 4500
008
171124b xxu||||| |||| 00| 0 eng d
020
_a
0155713361
041
_a
eng
080
_a
330.722.6
100
_a
54
101
_a
ME.F
245
_a
PRINCIPLES OF ACCOUTING
_c
PAUL.H.W
942
_2
udc
_c
BK
999
_c
38444
_d
38444